| 000 | 00405nam a22001697a 4500 | ||
|---|---|---|---|
| 003 | OSt | ||
| 008 | 240420b |||||||| |||| 00| 0 eng d | ||
| 020 | _a9789354243455 | ||
| 082 | _a519.2 YAP | ||
| 100 | _aYATES,Roy D | ||
| 245 | _aProbability and Stochastic Processes | ||
| 250 | _a3rd Ed | ||
| 260 |
_aNew Delhi _bWiley India _c2021 |
||
| 300 | _a472 | ||
| 700 | _aGOODMAN,David J | ||
| 942 |
_2ddc _cBK |
||
| 999 |
_c12532 _d12532 |
||